LIBRARY & INFORMATION CENTRE, KCAET, TAVANUR

ONLINE PUBLIC ACCESS CATALOGUE (OPAC)

Normal view MARC view
  • .

Entry Personal Name

Number of records used in: 1

001 - CONTROL NUMBER

  • control field: 1389

003 - CONTROL NUMBER IDENTIFIER

  • control field: OSt

005 - DATE AND TIME OF LATEST TRANSACTION

  • control field: 20160831160820.0

008 - FIXED-LENGTH DATA ELEMENTS

  • fixed length control field: 160831|| aca||aabn | a|a d

040 ## - CATALOGING SOURCE

  • Original cataloging agency: OSt
  • Transcribing agency: OSt

100 ## - HEADING--PERSONAL NAME

  • Personal name: .

670 ## - SOURCE DATA FOUND

  • Source citation: Work cat.: (OSt)2468: ., Maleev & Hartman's Machine Design: In Si Units , 2004
free website counter